Thug Shaker Capital Citizenship Test!!! - Statistics

General Stats
  • This quiz has been taken 5 times
  • The average score is 27 of 30
Answer Stats
Hint Answer % Correct
The server which brought all the thug shakers together Camp Epic
100%
2025's biggest gooner Chloe
100%
Beloved comic, now rarely having uploads Dirts Edward
100%
The member who's having a big day Evelyn
100%
Forgotten Chudcore 1 contestant Fletcher
100%
First European thug shaker, victim of a puddle of sewage Florence
100%
One of the only straight thug shakers (G_) Gobson
100%
Bot who plays music in VC (server name) Juandissimo
100%
Everyone's favorite bot Markov
100%
Lesser "ijbol" Quin
100%
Thug shaker's symbol face Sammy
100%
Thug shaker's founder Sandi
100%
Most relevant comic of the thug shaker STU
100%
Done Front-to-back or Back-to-front Wiping
100%
Thug shaker's currency Chudcoin
80%
"wher _" Chuddy
80%
First abroad thug shaker meetup member (along with above) Deede
80%
Legendary figure in thug shaker's history, had a lot of involvement in CE Gek
80%
"_Q" Gort
80%
Channel used to report people Human Resources
80%
First unclaimed channel in the 🚬 category Joe's Jiggle Junkyard
80%
Thug shaker's anniversary (Month, Day) July 8th
80%
Victim of the "Holy shit" incident Pandora
80%
Cousin of an essential member Phil
80%
Famously photographed child Sportboy
80%
The place where Pandora and Chloe are having a rivalry Starboard
80%
What "taff" really stands for The All Five-Foot
80%
Most hated cryptid The journalist
80%
Original name of the #General channel Tippy-Talk
80%
The cryptid who destroyed everything Dev.george
60%
No matching quizzes found
Score Distribution
Percent of People with Each Score
Percentile by Number Answered
Your Score History
You have not taken this quiz